000 01776cam a22004814i 4500
003 PE-LiUPU
005 20250731184541.0
008 150623s r 000 0 d
020 _a9972755363
035 _a(Sirsi) i9789972755361
040 _aPE-LiUPU
_bspa
_cPE-LiUPU
_erda
049 _aPRUA
082 0 4 _a911.85
_bL91
_221
100 1 _aCarmen, Lozada de Gamboa,
_eautor.
245 1 0 _aPerú :
_bdemarcación territorial.
_n1 /
_cCarmen Lozada de Gamboa.
264 1 _aLima :
_bFondo Editorial del Congreso del Perú,
_c2000.
300 _ap. [401]-819 páginas :
_bilustraciones, cuadros ;
_c21 cm.
336 _atext
_2rdacontent
337 _aunmediated
_2rdamedia
338 _avolume
_2rdacarrier
505 0 _aAnalisis legal por departamentos : Lima. Koreto. madre de Dios. Moquegua. Pasco. Piura. Puno. San Martín. Tacna. Ucayali. Callao. Cuadros resumen. Anexos: índice analítico. Proyecto de ley Nº5474/99-CR.
526 _aP136
526 _aP135
526 _aP134
526 _aP133
526 _aP144
526 _aP143
526 _aP87
526 _aP35
526 _aP20
526 _aP14
526 _aP10
526 _aP06
650 0 4 _aGeografía política
_zPerú.
650 0 4 _aPerú
_xDivisión administrativa y política
_ySiglo XX.
650 0 4 _aPerú
_xGeografía
_vManuales, etc.
942 _2ddc
_cBOOK
949 _a911.85 L91 1
_wDEWEY
_c1
_i50547
_lCCODEBUL1
_mBUL
_r0
_sY
_tBOOK
_u2015-6-24
_xBIBLIOTECA
_zUNKNOWN
_0COMPRA
_o.STAFF. Colección General
994 _aC0
_bPEPRU
596 _a1
999 _a911.85 L91
_wDEWEY
_c32415
_i50546
_f2021-11-8
_g5
_lCCODEBUL1
_mBUL
_r0
_sY
_tBOOK
_u2015-6-24
_xBIBLIOTECA
_zUNKNOWN
_0COMPRA
_o.STAFF. Colección General
_d32415
980 _81
_gALBERTO SANCHEZ Responsable de Automatización